[Event "Florianopolis op 4th"]
[Site "Florianopolis"]
[Date "2018.01.22"]
[Round "6"]
[White "Teles, Lucas Marquetotti"]
[Black "Hurtado Bahamonde, Rodrigo And"]
[Result "1/2-1/2"]
[WhiteElo "1796"]
[BlackElo "2152"]
[PlyCount "34"]
[EventDate "2018.01.19"]
[EventType "swiss"]
[EventRounds "10"]
[EventCountry "BRA"]
[SourceTitle "EXT 2019"]
[Source "ChessBase"]
[SourceDate "2018.10.10"]
[SourceVersion "1"]
[SourceVersionDate "2018.10.10"]
[SourceQuality "1"]

1. e4 c5 2. Nf3 e6 3. c4 Nc6 4. Nc3 a6 5. d4 cxd4 6. Nxd4 Nxd4 7. Qxd4 Ne7 8. Be3 Nc6 9. Qd2 Qa5 10. Be2 Bc5 11. 0-0 0-0 12. Rad1 d6 13. a3 e5 14. b4 Bxe3 15. fxe3 Qxa3 16. Nd5 a5 17. Ra1 Qb3 1/2-1/2

[Event "Florianopolis op 4th"]
[Site "Florianopolis"]
[Date "2018.01.21"]
[Round "4"]
[White "Teles, Lucas Marquetotti"]
[Black "Caetano, Ryan Wesley da Cost"]
[Result "0-1"]
[WhiteElo "1796"]
[BlackElo "1913"]
[PlyCount "66"]
[EventDate "2018.01.19"]
[EventType "swiss"]
[EventRounds "10"]
[EventCountry "BRA"]
[SourceTitle "EXT 2019"]
[Source "ChessBase"]
[SourceDate "2018.10.10"]
[SourceVersion "1"]
[SourceVersionDate "2018.10.10"]
[SourceQuality "1"]

1. e4 c5 2. Nf3 d6 3. c4 Nc6 4. d4 cxd4 5. Nxd4 e5 6. Nc2 f5 7. Nc3 Nf6 8. Bg5 Be7 9. Bxf6 Bxf6 10. Qh5+ g6 11. Qe2 0-0 12. 0-0-0 Nd4 13. Qd3 Be6 14. Nxd4 exd4 15. Nd5 Bg7 16. f3 fxe4 17. fxe4 Rf7 18. Kb1 Qg5 19. h4 Qe5 20. Be2 Re8 21. Bf3 h5 22. Rde1 Qg3 23. Be2 Qe5 24. Bf3 Kh7 25. Reg1 Qg3 26. Re1 Bg4 27. Ref1 Ref8 28. Qe2 Bxf3 29. gxf3 Rxf3 30. Rxf3 Rxf3 31. Qh2 Rf1+ 32. Rxf1 Qxh2 33. Rf4 d3 0-1